00705 2200241 4500001002100000005001500021035002000036245012700056100003700183250000600220300003500226700001600261260003700277082000800314084001400322020001800336650002400354990001700378990001700395990001700412990001700429990001700446INLIS00000000000060720190118110036 a0010-01190000631 aBelimbing Manis :bBudidaya, Pengendalian Mutu dan Pascapanen /cIr. H. Rahmat Rukmana, M.Sc,.M.M; Penyunting, Yulianawati0 aIr. H. Rahmat Rukmana, M.Sc,.M.M a- avi, 82 hlm. :bilus. ;c21 cm.0 aYulianawati aSemarang :bCV Aneka Ilmu,c2010 a634 a634 RAH b a979-736-459-3 aTanaman Buah-Buahan a02230/P/2018 a02231/P/2018 a02232/P/2018 a02233/P/2018 a02234/P/2018